000 00779nam a2200277 a 4500
999 _c9077
_d9077
001 9077
003 BD-JhCC
005 20180925120548.0
008 180305s1935 nyua 001 0 eng d
035 _a(BD-JhCC)9077
035 _a110064
040 _aBD-JhCC
_cANL
_dBD-JhCC
041 _aeng
050 0 0 _aPS507
_b.B4
082 0 4 _a810.822
_bBEN 1935
100 1 _aBennett, Henry Garland,
_d1886-1951.
245 1 0 _aAmerican literature /
_cby Henry Garland Bennett.
260 _aNew York,
_bAmerican book company
_c[c1935]
300 _aix, 608 p.
_c24 cm.
490 1 _aLiterature for the high school
504 _aIncludes bibliographies.
650 0 _aAmerican literature.
830 0 _aLiterature for the high school.
942 _2ddc
_cBK